| 000 | 00399nam a2200157Ia 4500 | ||
|---|---|---|---|
| 008 | 151213s9999 xx 000 0 und d | ||
| 100 | _aNirmal Chandra Pall | ||
| 245 |
_aThe Bangladesh Labor Code 2006 _cNirmal Chandra Pall |
||
| 250 | _a1st | ||
| 260 |
_aDhaka _bShams Publicatioan _c2007 |
||
| 300 | _a4391 p. | ||
| 650 | _aLaw | ||
| 650 | _aLaw | ||
| 700 | _aNirmal Chandra Pall | ||
| 999 |
_c2788 _d2788 |
||